00639nam a2200193 a 45000010005000000030010000050050017000150080041000320200014000730400025000870800023001121000028001352450097001632600032002603000044002925040025003366500046003616500038004071195BR-CuiBMT20231130232340.0231130s2005 mtba 000 0 por d a858989830 aBR-CuiBMTcBR-CuiBMT a353x(817.2)2200710aViana, Mário Sérgio10aDo modelo burocrático ao gerencial :bo exemplo de Mato Grosso / cMário Sérgio Viana  aCáceres :bUnemat,c2005. a140 p. :bil. (algumas color.) ;c20 cm aInclui bibliografia. aAdministração públicazMato Grosso  aGestão pública zMato Grosso